Statistics for F1 Most Successful Driver Per Team

Click here to take the quiz!

General Stats

  • This quiz has been taken 10 times
  • The average score is 23 of 87

Answer Stats

TeamDriver% Correct
FerrariAlberto Ascari | Juan Manuel Fangio | Mike Hawthorn | Phil Hill | John Surtees | Niki Lauda | Jody Scheckter | Michael Schumacher | Kimi Raikkonen
100%
McLarenEmerson Fittipaldi | James Hunt | Niki Lauda | Alain Prost | Ayrton Senna | Mika Hakkinen | Lewis Hamilton
100%
Aston MartinFernando Alonso
100%
RenaultFernando Alonso
100%
LotusJim Clark | Graham Hill | Jochen Rindt | Emerson Fittipaldi | Mario Andretti
100%
MercedesJuan Manuel Fangio | Lewis Hamilton | Nico Rosberg
100%
Red BullSebastian Vettel | Max Verstappen
100%
WilliamsAlan Jones | Keke Rosberg | Nelson Piquet | Nigel Mansell | Alain Prost | Damon Hill | Jacques Villeneuve
89%
AlpineEsteban Ocon
89%
ToyotaJarno Trulli | Ralf Schumacher
89%
BenettonMichael Schumacher
89%
CopersucarEmerson Fittipaldi
67%
HaasKevin Magnussen
67%
Toro RossoMax Verstappen
67%
Alfa RomeoGiuseppe Farina | Juan Manuel Fangio
56%
BRMGraham Hill
56%
BrabhamJack Brabham | Denny Hulme | Nelson Piquet
56%
TyrrellJackie Stewart
56%
MatraJackie Stewart
56%
BARJenson Button
56%
Brawn GPJenson Button
56%
CooperJack Brabham
44%
MaseratiJuan Manuel Fangio
44%
BMW SauberRobert Kubica
44%
Racing PointSergio Perez
44%
Force IndiaSergio Perez
44%
HeskethJames Hunt
33%
FittipaldiKeke Rosberg
33%
AlphatauriPierre Gasly
33%
StewartRubens Barrichello
33%
JaguarEddie Irvine
22%
JordanHeinz-Harald Frentzen
22%
WolfJody Scheckter
22%
HondaJohn Surtees
22%
LolaJohn Surtees
22%
FergusonStirling Moss
22%
VanwallStirling Moss | Tony Brooks
22%
SpykerAdrian Sutil
11%
ShadowAlan Jones
11%
HillAlan Jones
11%
OsellaChristian Danner
11%
ATSHans Joachim Stuck
11%
LigierJacques Laffite
11%
DallaraJJ Lehto
11%
MarussiaJules Bianchi
11%
VirginLucas di Grassi | Jerome d'Ambrosio
11%
SauberNick Heidfeld
11%
ProstOlivier Panis
11%
CaterhamVitaly Petrov | Marcus Ericsson
11%
RialAndrea de Cesaris
0%
VenturiBertrand Gachot
0%
TecnoChris Amon
0%
PorscheDan Gurney
0%
EagleDan Gurney
0%
TheodoreDerek Daly
0%
ArrowsDerek Warwick
0%
LanciaEugenio Castellotti
0%
Maserati MilanoFelice Bonetto
0%
BRPInnes Ireland
0%
Leyton HouseIvan Capelli
0%
ConnaughtJack Fairman
0%
Iso-MarlboroJacky Ickx
0%
PenskeJohn Watson
0%
Talbot LagoJose-Froilan Gonzalez
0%
HRTKarun Chandhok
0%
Frazer NashKen Wharton
0%
EnsignMarc Surer
0%
ParnelliMario Andretti
0%
ZakspeedMartin Brundle
0%
FootworkMichele Alboreto
0%
SurteesMike Hailwood
0%
EmerysonOlivier Gendebien
0%
ManorPascal Wehrlein
0%
HWMPaul Frere
0%
LarroussePhilippe Alliot
0%
ScarabRichie Ginther
0%
GordiniRobert Manzon
0%
Simca GordiniRobert Manzon | Maurice Trintignant
0%
EurobrunRoberto Moreno
0%
AGSRoberto Moreno
0%
MinardiRoberto Moreno
0%
MarchRonnie Peterson
0%
TolemanStefan Johansson
0%
OnyxStefan Johansson
0%
Super AguriTakuma Sato
0%
MidlandTiago Monteiro
0%
TokenTom Pryce
0%

Score Distribution

Percentile by Number Answered

Percent of People with Each Score

Your Score History

You have not taken this quiz